000 00472nab a2200145Ia 4500
003 ES-SlBCS
005 20210601124318.0
008 140529s1988 xxu||||| |||| 00| 0 eng d
041 _aeng
100 1 _aChambliss, J. J.
_9139250
245 0 0 _aGiambattista Vico's Imaginative Universals and Repley Quest for the Good
_c J. J. Chambliss
600 1 4 _aVico, Giambattista
_974288
773 0 _tEducational Theory
_gvol. 38, nº. 3, 1988, págs. 311-320
_wRev1399
942 _cAR
999 _c512764
_d512764